000 00957nam a22002297a 4500
003 OSt
005 20250904151504.0
008 240426b ||||| |||| 00| 0 eng d
040 _c0
082 _aDPer 621.317 Ie21 November 2022 v. 37 n. 11
100 _aDai, Zhongyu.
_eauthor.
_956842
245 _aA dual-frequency WPT based on multilayer self-decoupled compact coil and dual CLCL hybrid compensation topology /
_cZhongyu Dai and Junhua Wang.
260 _aNew York ;
_bThe Institute of Electrical and Electronics Engineers, Inc. ,
_cNovember 2022.
300 _aVolume 37, pages 13955-13965 :
_billustration ;
_c28 cm.
500 _aIEEE Transactions on Power Electronics, vol. 37, no. 11, pages 13955-13965, November 2022.
650 0 _aHarmonic analysis.
_965745
650 0 _aPower transmission.
_967244
650 0 _aTopology.
_965877
700 _aDai, Zhongyu.
_eauthor.
_956842
700 _aWang, Junhua.
_eauthor.
_956843
942 _2ddc
_cPER
999 _c20191
_d20191